Central Library and Information Centre
Sibsagar Girls' College, Sivasagar : Assam

NEW DIMENSIONS IN LIBRARY SCIENCE (Record no. 5224)

MARC details
000 -LEADER
fixed length control field 00331cam a2200145ua 4500
008 - FIXED-LENGTH DATA ELEMENTS--GENERAL INFORMATION
fixed length control field 190507n II |||gr||||Z||||||eng
040 ## - CATALOGING SOURCE
Original cataloging agency MAIN
041 ## - LANGUAGE CODE
-- English
082 ## - DEWEY DECIMAL CLASSIFICATION NUMBER
Classification number 020 IYE
100 ## - MAIN ENTRY--PERSONAL NAME
Personal name IYENGAR.
245 ## - TITLE STATEMENT
Title NEW DIMENSIONS IN LIBRARY SCIENCE
942 ## - ADDED ENTRY ELEMENTS (KOHA)
Koha item type Books
653 ## - INDEX TERM--UNCONTROLLED
Uncontrolled term Library & information sciences
Holdings
Withdrawn status Lost status Damaged status Not for loan Collection code Home library Current library Shelving location Date acquired Full call number Barcode Date last seen Copy number Price effective from Koha item type
        General Reference Central Library and Information Centre Sibsagar Girls College Central Library and Information Centre Sibsagar Girls College Sports Journalism Library sc 15.05.1975 020 IYE 04923 27.02.2020 1 27.02.2020 Books


Sibsagar Girl's College © 2020. All rights reserved.
Powered by Koha.
Maintained by Abhijit Borpuzari.